An indomitable beast : (Registro nro. 20202)
[ vista simple ]
| 000 -CABECERA | |
|---|---|
| Campo de control | 03206cam a22003377i 4500 |
| 005 - FECHA Y HORA DE LA ULTIMA TRANSACCION | |
| Campo de control | 20191224042348.0 |
| 008 - ELEMENTOS DE LONGITUD FIJA—INFORMACION GENERAL | |
| Campo de control | 140212s2014 dcuabf b 001 0 eng d |
| 020 ## - ISBN | |
| ISBN | 9781597269964 (hbk.) |
| 020 ## - ISBN | |
| ISBN | 1597269964 (hbk.) |
| 040 ## - FUENTE DE CATALOGACIÓN | |
| Agencia catalogadora original | BTCTA |
| Agencia transcriptora | BTCTA |
| Agencia Modificadora | YDXCP |
| -- | BDX |
| -- | CLE |
| -- | YAM |
| -- | VP@ |
| -- | CDX |
| -- | ABG |
| -- | OBE |
| -- | COD |
| -- | EDK |
| -- | CHVBK |
| -- | JYJ |
| -- | DLC |
| -- | CO-BoIAVH |
| 041 ## - IDIOMA | |
| Código de idioma para texto/pista de sonido o título separado | Inglés |
| 042 ## - AUTHENTICATION CODE | |
| Authentication code | lccopycat |
| 044 ## - PAÍS DE PUBLICACIÓN | |
| País de publicación | Estados Unidos |
| 082 04 - NUMERO DE CLASIFICACION DECIMAL DEWEY | |
| Número de clasificación | 599.75 |
| Número del ítem | R11I |
| 100 1# - ASIENTO PRINCIPAL--NOMBRE PERSONAL | |
| Nombre personal | Rabinowitz, Alan, |
| Fechas asociadas con el nombre | 1953- |
| Término relacionado | author. |
| 9 (RLIN) | 91308 |
| 245 13 - MENCION DE TITULO | |
| Título | An indomitable beast : |
| Parte restante del título | the remarkable journey of the jaguar / |
| Mención de responsabilidad | Alan Rabinowitz. |
| 260 ## - PUBLICACION, DISTRIBUCION, ETC. (PIE DE IMPRENTA) | |
| Lugar de publicación, distribución, etc. | Washington: |
| Nombre del editor, distribuidor, etc. | Island Press, |
| Fecha de publicación, distribución, etc. | .2014 |
| 300 ## - DESCRIPCION FISICA | |
| Extensión | xviii, 241 pages, 16 unnumbered pages of plates : |
| Otros detalles físicos | color illustrations, color maps ; |
| Dimensiones | 24 cm |
| 504 ## - NOTA DE BIBLIOGRAFIA, ETC. | |
| Nota de bibliografía | Includes bibliographical references (pages 209-224) and index. |
| 505 0# - NOTA DE CONTENIDO | |
| Nota de contenido | In the beginning... -- The Pleistocene jaguar corridor -- The first people of the jaguar -- When jaguars talked to man -- The conquest of jaguar land -- The killing grounds -- Into the jaguar's world -- Meals on the hoof -- Thinking to scale -- The underground railway of the jaguar -- Borderland jaguars -- In search of jaguarness -- The reluctant warrior -- Survival in a changing world. |
| 520 ## - NOTA DE RESUMEN, ETC. | |
| Nota de resumen | The jaguar is one of the most mysterious and least-known big cats of the world. The largest cat in the Americas, it has survived an onslaught of environmental and human threats partly because of an evolutionary history unique among wild felines, but also because of a power and indomitable spirit so strong, the jaguar has shaped indigenous cultures and the beliefs of early civilizations on two continents. In An Indomitable Beast: The Remarkable Journey of the Jaguar, big-cat expert Alan Rabinowitz shares his own personal journey to conserve a species that, despite its past resilience, is now on a slide toward extinction if something is not done to preserve the pathways it prowls through an ever-changing, ever-shifting landscape dominated by humans. Rabinowitz reveals how he learned from newly available genetic data that the jaguar was a single species connected genetically throughout its entire range from Mexico to Argentina, making it unique among all other large carnivores in the world. In a mix of personal discovery and scientific inquiry, he sweeps his readers deep into the realm of the jaguar, offering fascinating accounts from the field. Enhanced with maps, tables, and color plates, An Indomitable Beast brings important new research to life for scientists, anthropologists, and animal lovers alike. This book is not only about jaguars, but also about tenacity and survival. From the jaguar we can learn better strategies for saving other species and also how to save ourselves when faced with immediate and long-term catastrophic changes to our environment. -- |
| 650 #0 - ASIENTO SECUNDARIO DE MATERIA - TERMINO TEMATICO | |
| Término temático o nombre geográfico como elemento de entrada | Jaguar. |
| 9 (RLIN) | 1213 |
| 650 #0 - ASIENTO SECUNDARIO DE MATERIA - TERMINO TEMATICO | |
| Término temático o nombre geográfico como elemento de entrada | Jaguar |
| Subdivisión general | Social aspects. |
| 9 (RLIN) | 91310 |
| 650 #0 - ASIENTO SECUNDARIO DE MATERIA - TERMINO TEMATICO | |
| Término temático o nombre geográfico como elemento de entrada | Jaguar |
| Subdivisión general | Conservation. |
| 9 (RLIN) | 91311 |
| 650 #0 - ASIENTO SECUNDARIO DE MATERIA - TERMINO TEMATICO | |
| Término temático o nombre geográfico como elemento de entrada | Wildlife conservation. |
| 9 (RLIN) | 91312 |
| 650 #7 - ASIENTO SECUNDARIO DE MATERIA - TERMINO TEMATICO | |
| Término temático o nombre geográfico como elemento de entrada | Artenschutz. |
| 9 (RLIN) | 91313 |
| 650 #7 - ASIENTO SECUNDARIO DE MATERIA - TERMINO TEMATICO | |
| Término temático o nombre geográfico como elemento de entrada | Jaguar. |
| 9 (RLIN) | 1213 |
| 650 #7 - ASIENTO SECUNDARIO DE MATERIA - TERMINO TEMATICO | |
| Término temático o nombre geográfico como elemento de entrada | Wildtiermanagement. |
| 9 (RLIN) | 91314 |
| 942 ## - ELEMENTOS ADICIONALES (KOHA) | |
| Sistema de clasificación | Dewey Decimal Classification |
| Tipo de ítem | Libro |
| Withdrawn status | Lost status | Sistema de Clasificación | Damaged status | No para préstamo | Colección | Ubicación Permanente | Ubicación actual | Fecha de adquisición | Total Checkouts | Número topográfico | Inventario / Código de Barras | Date last seen | Date checked out | Ejemplar | Price effective from | Forma de adquisición | Tipo de material |
|---|---|---|---|---|---|---|---|---|---|---|---|---|---|---|---|---|---|
| Dewey Decimal Classification | General | Bogotá | Bogotá | 28/05/2018 | 1 | LB-599.75 R11I | 043318 | 10/10/2019 | 10/10/2019 | Ej. 1 | 28/05/2018 | Donación | Libro |